Cash for housing projects (Record no. 79631)

MARC details
000 -LEADER
fixed length control field 00927cad a22001935a 4500
001 - CONTROL NUMBER
control field E141863
008 - FIXED-LENGTH DATA ELEMENTS--GENERAL INFORMATION
fixed length control field 071221e20071212stk f s000 0 eng d
035 ## - SYSTEM CONTROL NUMBER
System control number (Sirsi) u141863
041 0# - LANGUAGE CODE
Language code of text/sound track or separate title eng
110 1# - MAIN ENTRY--CORPORATE NAME
Corporate name or jurisdiction name as entry element Scotland
Subordinate unit Scottish Government
9 (RLIN) 5344
245 00 - TITLE STATEMENT
Title Cash for housing projects
Medium [electronic resource]
260 ## - PUBLICATION, DISTRIBUTION, ETC.
Date of publication, distribution, etc. 2007
490 #0 - SERIES STATEMENT
Series statement Scottish Government News Release
Volume/sequential designation 21 December 2007
520 ## - SUMMARY, ETC.
Summary, etc. £2.3 million in grants have been awarded to a range of voluntary sector housing projects across Scotland. The Scottish Government will fund 32 projects through the Housing Voluntary Sector Grants Scheme relating to homelessness, training, advice and research.
651 #4 - SUBJECT ADDED ENTRY--GEOGRAPHIC NAME
Geographic name Scotland
Chronological subdivision 1999-
690 ## - LOCAL SUBJECT ADDED ENTRY--TOPICAL TERM (OCLC, RLIN)
Topical term or geographic name as entry element PROPERTY-RESIDENTIAL PROPERTY-DOMESTIC RESIDENTIAL PROPERTY-HOUSING
856 41 - ELECTRONIC LOCATION AND ACCESS
Uniform Resource Identifier <a href="https://www.scotland.gov.uk/News/Releases/2007/12/21121529">https://www.scotland.gov.uk/News/Releases/2007/12/21121529</a>
Public note View the item free of charge at www.scotland.gov.uk...
942 ## - ADDED ENTRY ELEMENTS (KOHA)
Suppress in OPAC 0
Holdings
Withdrawn status Lost status Source of classification or shelving scheme Damaged status Not for loan Home library Current library Shelving location Date acquired Total Checkouts Full call number Barcode Date last seen Copy number Price effective from Koha item type
    Dewey Decimal Classification     Virtual Virtual Online 17/01/2008   ONLINE PUBLICATION 141863-2001 06/08/2019 1 06/08/2019 Journal article